AU LIBRARIES
Centralized Library System Across Seven Campuses

Pearl harbor (Record no. 8633)

MARC details
000 -LEADER
fixed length control field 00376nam a2200133Ia 4500
005 - DATE AND TIME OF LATEST TRANSACTION
control field 20260212182545.0
008 - FIXED-LENGTH DATA ELEMENTS--GENERAL INFORMATION
fixed length control field 260212s9999 xx 000 0 und d
020 ## - INTERNATIONAL STANDARD BOOK NUMBER
ISBN 0786890053 (mass market paperback) | 9780786890057 (mass market paperback)
082 ## - DEWEY DECIMAL CLASSIFICATION NUMBER
Classification number 823 WAL
100 ## - MAIN ENTRY--AUTHOR
Author Name Wallace, Randall.
245 #0 - TITLE STATEMENT
Title Pearl harbor
260 ## - PUBLICATION, DISTRIBUTION, ETC.
Name of publisher, distributor, etc. Penguin Books
Place of Publication London
Date of publication, distribution, etc. 2001
942 ## - ADDED ENTRY ELEMENTS (KOHA)
Koha item type Book
Holdings
Withdrawn status Lost status Damaged status Not for loan Permanent Location Current Location Date acquired Source of acquisition Inventory number Full Call Number Accession No./Barcode Koha item type Public note
Written off { Not Available }       Air University Central Library Islamabad Air University Central Library Islamabad 05/22/2015 Sethi Books 18 cm. 823 WAL P2750 Book Write off in 2018 IBD/AU/231/10/LIB M-14
Air University Sector E-9, Islamabad Pakistan
Email: librarian@au.edu.pk  Tel : +0092 51 9262612 Ext: 631